[Event "Greek Team Championship"]
[Site "chess24.com"]
[Date "2017.07.05"]
[Round "4"]
[White "Loukopoulos, Panagiotis-Athanasi"]
[Black "Tzamtzis, Konstantinos"]
[Result "1-0"]
[Board "2"]
[WhiteElo "1902"]
[WhiteCountry "GRE"]
[WhiteFideId "4293835"]
[WhiteEloChange "9"]
[BlackElo "1860"]
[BlackCountry "GRE"]
[BlackFideId "4210042"]
[BlackEloChange "-9"]

1. e4 {[%clk 1:30:56]} e5 {[%clk 1:30:50]} 2. Nf3 {[%clk 1:31:22]} Nc6 {[%clk
1:31:11]} 3. Nc3 {[%clk 1:31:46]} Nf6 {[%clk 1:31:20]} 4. Bb5 {[%clk 1:32:10]}
Bb4 {[%clk 1:31:29]} 5. O-O {[%clk 1:31:33]} O-O {[%clk 1:31:44]} 6. d3 {[%clk
1:32:00]} d6 {[%clk 1:29:08]} 7. Ne2 {[%clk 1:32:20]} Ne7 {[%clk 1:16:09]} 8. c3
{[%clk 1:31:56]} Ba5 {[%clk 1:13:13]} 9. Ng3 {[%clk 1:30:57]} Ng6 {[%clk
1:13:00]} 10. Be3 {[%clk 1:16:27]} c6 {[%clk 0:54:02]} 11. Ba4 {[%clk 1:16:52]}
h6 {[%clk 0:49:52]} 12. h3 {[%clk 1:15:28]} Re8 {[%clk 0:43:05]} 13. Bc2 {[%clk
1:15:08]} d5 {[%clk 0:41:34]} 14. d4 {[%clk 0:49:43]} exd4 {[%clk 0:37:36]} 15.
Bxd4 {[%clk 0:40:30]} Nxe4 {[%clk 0:35:32]} 16. Nh5 {[%clk 0:37:38]} f6 {[%clk
0:35:11]} 17. Nh2 {[%clk 0:25:54]} Bc7 {[%clk 0:34:18]} 18. Ng4 {[%clk 0:23:11]}
Qd6 {[%clk 0:31:25]} 19. f4 {[%clk 0:18:00]} c5 {[%clk 0:25:12]} 20. Bxe4 {[%clk
0:15:09]} Rxe4 {[%clk 0:20:37]} 21. Ngxf6+ {[%clk 0:13:36]} gxf6 {[%clk 0:21:00]}
22. Nxf6+ {[%clk 0:14:03]} Kf7 {[%clk 0:19:33]} 23. Be5 {[%clk 0:13:29]} Qe6
{[%clk 0:11:45]} 24. Nxe4 {[%clk 0:08:25]} Nxe5 {[%clk 0:08:55]} 25. fxe5+ {[%clk
0:08:50]} Kg7 {[%clk 0:08:24]} 26. Qf3 {[%clk 0:05:18]} Qxe5 {[%clk 0:01:24]} 27.
Qf7+ {[%clk 0:05:36]} Kh8 {[%clk 0:01:44]} 28. Qf8+ {[%clk 0:06:00]} Kh7 {[%clk
0:02:01]} 29. Nf6+ {[%clk 0:06:19]} Kg6 {[%clk 0:02:19]} 30. Qg8# {[%clk
0:06:42]} 1-0

[Event "Greek Team Championship"]
[Site "chess24.com"]
[Date "2017.07.05"]
[Round "4"]
[White "Anestis, Ioannis"]
[Black "Lagaras, Stylianos"]
[Result "1/2-1/2"]
[Board "4"]
[WhiteElo "1651"]
[WhiteCountry "GRE"]
[WhiteFideId "4256140"]
[BlackElo "1668"]
[BlackCountry "GRE"]
[BlackFideId "25837788"]

1. d4 {[%clk 1:30:58]} Nf6 {[%clk 1:30:56]} 2. c4 {[%clk 1:31:18]} e6 {[%clk
1:31:13]} 3. Nf3 {[%clk 1:31:40]} d5 {[%clk 1:31:31]} 4. Nc3 {[%clk 1:31:53]}
dxc4 {[%clk 1:31:50]} 5. Bg5 {[%clk 1:30:22]} Bb4 {[%clk 1:32:07]} 6. e3 {[%clk
1:30:31]} c5 {[%clk 1:30:21]} 7. Bxc4 {[%clk 1:30:07]} O-O {[%clk 1:08:44]} 8.
O-O {[%clk 1:30:25]} h6 {[%clk 1:07:41]} 9. Bh4 {[%clk 1:27:32]} cxd4 {[%clk
1:02:27]} 10. exd4 {[%clk 1:24:16]} a6 {[%clk 0:56:33]} 11. Qd3 {[%clk 1:12:25]}
Nbd7 {[%clk 0:53:48]} 12. Rad1 {[%clk 1:08:00]} b5 {[%clk 0:50:19]} 13. Bb3
{[%clk 1:06:26]} Bb7 {[%clk 0:48:15]} 14. Bc2 {[%clk 1:03:36]} Rc8 {[%clk
0:45:05]} 15. Bb1 {[%clk 1:00:07]} Qa5 {[%clk 0:42:54]} 16. Bxf6 {[%clk 0:54:05]}
Nxf6 {[%clk 0:43:16]} 17. Ne2 {[%clk 0:47:35]} Be4 {[%clk 0:27:31]} 18. Qb3
{[%clk 0:47:14]} Rfd8 {[%clk 0:25:56]} 19. Bxe4 {[%clk 0:46:50]} Nxe4 {[%clk
0:26:22]} 20. a3 {[%clk 0:46:46]} Be7 {[%clk 0:26:05]} 21. Qe3 {[%clk 0:44:13]}
Nf6 {[%clk 0:22:00]} 22. Nf4 {[%clk 0:38:33]} Qb6 {[%clk 0:21:41]} 23. Nd3 {[%clk
0:36:23]} Rc2 {[%clk 0:18:28]} 24. Rc1 {[%clk 0:33:35]} Rdc8 {[%clk 0:15:41]} 25.
Rxc2 {[%clk 0:32:13]} Rxc2 {[%clk 0:16:07]} 26. Rc1 {[%clk 0:32:24]} Nd5 {[%clk
0:14:18]} 27. Qe1 {[%clk 0:32:29]} Qc7 {[%clk 0:13:10]} 28. Qd1 {[%clk 0:31:08]}
Rxc1 {[%clk 0:12:31]} 29. Qxc1 {[%clk 0:31:32]} Qxc1+ {[%clk 0:11:59]} 30. Nxc1
{[%clk 0:31:56]} Nb6 {[%clk 0:11:34]} 31. Kf1 {[%clk 0:30:06]} Nc4 {[%clk
0:11:57]} 32. Nd3 {[%clk 0:30:31]} f6 {[%clk 0:09:49]} 33. Ke2 {[%clk 0:30:33]}
Kf7 {[%clk 0:10:10]} 34. Nd2 {[%clk 0:30:50]} Nb6 {[%clk 0:09:09]} 35. Kd1 {[%clk
0:27:43]} Nd5 {[%clk 0:08:38]} 36. Kc2 {[%clk 0:27:24]} Bd6 {[%clk 0:08:09]} 37.
g3 {[%clk 0:26:14]} Bc7 {[%clk 0:05:51]} 38. Nb4 {[%clk 0:21:25]} Nxb4+ {[%clk
0:05:09]} 39. axb4 {[%clk 0:21:48]} Ke7 {[%clk 0:04:51]} 40. Kc3 {[%clk 0:46:35]}
Kd6 {[%clk 0:33:54]} 41. Ne4+ {[%clk 0:46:22]} Kd5 {[%clk 0:31:55]} 42. Kd3
{[%clk 0:44:03]} Bd8 {[%clk 0:26:24]} 43. Nc3+ {[%clk 0:44:06]} Kc6 {[%clk
0:25:41]} 44. Ne4 {[%clk 0:41:14]} Bb6 {[%clk 0:24:21]} 45. h3 {[%clk 0:40:09]}
f5 {[%clk 0:21:08]} 46. Nc3 {[%clk 0:40:13]} g5 {[%clk 0:20:57]} 47. g4 {[%clk
0:40:16]} Bc7 {[%clk 0:20:42]} 48. f3 {[%clk 0:31:28]} Bd6 {[%clk 0:19:49]} 49.
Na2 {[%clk 0:27:29]} Be7 {[%clk 0:18:27]} 50. b3 {[%clk 0:26:25]} Bf8 {[%clk
0:17:45]} 51. Kc3 {[%clk 0:26:29]} Kd5 {[%clk 0:17:41]} 52. Kd3 {[%clk 0:25:07]}
Kc6 {[%clk 0:17:01]} 53. Kc3 {[%clk 0:25:21]} Bg7 {[%clk 0:16:54]} 54. Kd3 {[%clk
0:25:08]} Bf6 {[%clk 0:15:05]} 55. Nc3 {[%clk 0:24:12]} Be7 {[%clk 0:15:06]} 56.
Na2 {[%clk 0:24:18]} Bd6 {[%clk 0:14:31]} 57. Ke3 {[%clk 0:24:17]} Bg3 {[%clk
0:13:11]} 58. Ke2 {[%clk 0:24:14]} Kd5 {[%clk 0:12:30]} 59. Kd3 {[%clk 0:24:32]}
Be1 {[%clk 0:12:30]} 60. Nc3+ {[%clk 0:24:13]} Bxc3 {[%clk 0:11:28]} 61. Kxc3
{[%clk 0:24:24]} fxg4 {[%clk 0:07:36]} 62. hxg4 {[%clk 0:22:23]} e5 {[%clk
0:07:55]} 63. dxe5 {[%clk 0:22:11]} Kxe5 {[%clk 0:08:21]} 64. Kd3 {[%clk
0:22:31]} Kf4 {[%clk 0:07:55]} 65. Ke2 {[%clk 0:22:48]} Kg3 {[%clk 0:07:47]} 66.
Ke3 {[%clk 0:23:07]} Kg2 {[%clk 0:08:01]} 67. Ke2 {[%clk 0:23:20]} Kg1 {[%clk
0:07:56]} 68. Ke1 {[%clk 0:23:39]} Kh2 {[%clk 0:07:32]} 69. Kf2 {[%clk 0:20:33]}
Kh3 {[%clk 0:07:56]} 70. Ke3 {[%clk 0:18:45]} Kg3 {[%clk 0:07:58]} 71. Ke2 {[%clk
0:16:28]} Kh4 {[%clk 0:05:34]} 72. Kf2 {[%clk 0:13:30]} h5 {[%clk 0:05:05]} 73.
gxh5 {[%clk 0:13:48]} Kxh5 {[%clk 0:05:30]} 74. Kg3 {[%clk 0:13:57]} Kg6 {[%clk
0:05:38]} 75. f4 {[%clk 0:13:45]} Kf5 {[%clk 0:05:23]} 76. fxg5 {[%clk 0:14:04]}
Kxg5 {[%clk 0:05:52]} 77. Kf3 {[%clk 0:14:23]} Kf5 {[%clk 0:06:07]} 78. Ke3
{[%clk 0:14:46]} Ke5 {[%clk 0:06:29]} 79. Kd3 {[%clk 0:15:06]} Kd5 {[%clk
0:05:54]} 80. Ke3 {[%clk 0:15:27]} Ke5 {[%clk 0:05:57]} 81. Kd3 {[%clk 0:15:49]}
1/2-1/2

[Event "Greek Team Championship"]
[Site "chess24.com"]
[Date "2017.07.05"]
[Round "4"]
[White "Berbatis, Antonios"]
[Black "Zgouletas, Ioannis"]
[Result "1-0"]
[Board "8"]
[WhiteElo "1702"]
[WhiteCountry "GRE"]
[WhiteFideId "25804677"]
[WhiteEloChange "5"]
[BlackElo "1514"]
[BlackCountry "GRE"]
[BlackFideId "4289455"]
[BlackEloChange "-5"]

1. e4 {[%clk 1:30:49]} e5 {[%clk 1:30:56]} 2. Nf3 {[%clk 1:31:00]} Nc6 {[%clk
1:30:56]} 3. Bc4 {[%clk 1:31:02]} Bc5 {[%clk 1:31:19]} 4. d3 {[%clk 1:31:06]} Nf6
{[%clk 1:30:50]} 5. O-O {[%clk 1:31:25]} O-O {[%clk 1:31:09]} 6. c3 {[%clk
1:31:29]} d6 {[%clk 1:30:13]} 7. Nbd2 {[%clk 1:31:14]} Be6 {[%clk 1:28:38]} 8.
Bb5 {[%clk 1:30:46]} Bb6 {[%clk 1:23:19]} 9. Re1 {[%clk 1:24:54]} h6 {[%clk
1:20:27]} 10. Nf1 {[%clk 1:23:27]} Ne7 {[%clk 1:17:20]} 11. d4 {[%clk 1:19:16]}
exd4 {[%clk 1:16:10]} 12. cxd4 {[%clk 1:19:20]} d5 {[%clk 1:16:00]} 13. e5 {[%clk
1:18:48]} Nd7 {[%clk 1:06:01]} 14. Ng3 {[%clk 1:13:49]} c6 {[%clk 1:03:58]} 15.
Bd3 {[%clk 1:09:47]} c5 {[%clk 0:47:12]} 16. Be3 {[%clk 1:04:35]} cxd4 {[%clk
0:38:53]} 17. Nxd4 {[%clk 1:02:32]} Rc8 {[%clk 0:32:44]} 18. Ndf5 {[%clk
0:57:50]} Nxf5 {[%clk 0:25:22]} 19. Nxf5 {[%clk 0:57:32]} Bxf5 {[%clk 0:24:33]}
20. Bxf5 {[%clk 0:57:52]} Bxe3 {[%clk 0:22:16]} 21. Rxe3 {[%clk 0:58:00]} Rc5
{[%clk 0:22:00]} 22. Qd4 {[%clk 0:48:30]} Qc7 {[%clk 0:19:28]} 23. Rd1 {[%clk
0:42:23]} Nb6 {[%clk 0:17:39]} 24. e6 {[%clk 0:33:57]} fxe6 {[%clk 0:17:03]} 25.
Bxe6+ {[%clk 0:34:13]} Kh8 {[%clk 0:17:09]} 26. Rh3 {[%clk 0:33:00]} Rf6 {[%clk
0:17:18]} 27. Re3 {[%clk 0:28:51]} Rc4 {[%clk 0:17:08]} 28. Qd3 {[%clk 0:27:58]}
Rc2 {[%clk 0:14:02]} 29. Bf5 {[%clk 0:26:44]} Rf8 {[%clk 0:13:37]} 30. Qxc2
{[%clk 0:26:58]} Nc4 {[%clk 0:14:01]} 31. b3 {[%clk 0:25:06]} d4 {[%clk 0:12:53]}
32. Rxd4 {[%clk 0:25:06]} 1-0

[Event "Greek Team Championship"]
[Site "chess24.com"]
[Date "2017.07.05"]
[Round "4"]
[White "Koukouvinos, Viktor"]
[Black "Tsotras, Ioannis"]
[Result "1/2-1/2"]
[Board "9"]
[WhiteElo "1452"]
[WhiteCountry "GRE"]
[WhiteFideId "25868209"]
[WhiteEloChange "1"]
[BlackElo "1477"]
[BlackCountry "GRE"]
[BlackFideId "4269594"]
[BlackEloChange "-1"]

1. d4 {[%clk 1:30:45]} d5 {[%clk 1:30:52]} 2. c4 {[%clk 1:31:05]} e6 {[%clk
1:31:17]} 3. Nc3 {[%clk 1:31:22]} Nf6 {[%clk 1:31:35]} 4. Nf3 {[%clk 1:31:26]}
Nbd7 {[%clk 1:31:51]} 5. Bg5 {[%clk 1:31:06]} c6 {[%clk 1:32:04]} 6. e3 {[%clk
1:30:58]} Qa5 {[%clk 1:32:25]} 7. Bxf6 {[%clk 1:29:16]} Nxf6 {[%clk 1:32:30]} 8.
a3 {[%clk 1:28:56]} Ne4 {[%clk 1:32:33]} 9. Qc1 {[%clk 1:28:30]} Be7 {[%clk
1:21:29]} 10. Bd3 {[%clk 1:28:07]} Ng5 {[%clk 1:12:31]} 11. Nd2 {[%clk 1:22:02]}
f6 {[%clk 1:09:39]} 12. c5 {[%clk 1:20:06]} e5 {[%clk 1:08:22]} 13. b4 {[%clk
1:17:24]} Qc7 {[%clk 1:07:50]} 14. O-O {[%clk 1:15:23]} O-O {[%clk 1:06:53]} 15.
Bc2 {[%clk 1:02:07]} Bg4 {[%clk 0:55:09]} 16. h3 {[%clk 0:58:22]} Bh5 {[%clk
0:55:17]} 17. Bb3 {[%clk 0:57:06]} exd4 {[%clk 0:54:25]} 18. exd4 {[%clk
0:53:49]} Qf4 {[%clk 0:54:53]} 19. Re1 {[%clk 0:52:19]} Bd8 {[%clk 0:55:14]} 20.
Nde4 {[%clk 0:50:47]} Bc7 {[%clk 0:51:44]} 21. Qxf4 {[%clk 0:49:27]} Bxf4 {[%clk
0:51:55]} 22. Ne2 {[%clk 0:38:41]} Bc7 {[%clk 0:46:16]} 23. N2g3 {[%clk 0:32:52]}
Bg6 {[%clk 0:43:59]} 24. Nxg5 {[%clk 0:32:00]} fxg5 {[%clk 0:44:18]} 25. Re7
{[%clk 0:32:09]} Rf7 {[%clk 0:43:39]} 26. Rae1 {[%clk 0:22:44]} Kf8 {[%clk
0:43:46]} 27. R7e6 {[%clk 0:20:57]} Bd3 {[%clk 0:34:22]} 28. R1e3 {[%clk
0:17:03]} Bg6 {[%clk 0:26:11]} 29. Re2 {[%clk 0:11:23]} Rd7 {[%clk 0:23:37]} 30.
R6e3 {[%clk 0:09:08]} a5 {[%clk 0:22:59]} 31. Rf3+ {[%clk 0:06:35]} Kg8 {[%clk
0:21:20]} 32. Re6 {[%clk 0:06:32]} axb4 {[%clk 0:18:13]} 33. axb4 {[%clk
0:06:36]} Ra1+ {[%clk 0:15:47]} 34. Nf1 {[%clk 0:06:24]} Bh5 {[%clk 0:14:24]} 35.
Rfe3 {[%clk 0:05:44]} Bf7 {[%clk 0:14:36]} 36. Re7 {[%clk 0:05:57]} Rxe7 {[%clk
0:05:54]} 37. Rxe7 {[%clk 0:06:19]} Bf4 {[%clk 0:05:52]} 38. Rxb7 {[%clk
0:05:18]} Bg6 {[%clk 0:04:03]} 1/2-1/2

[Event "Greek Team Championship"]
[Site "chess24.com"]
[Date "2017.07.06"]
[Round "5"]
[White "Van Wely, Loek"]
[Black "Papaioannou, Ioannis"]
[Result "1/2-1/2"]
[Board "1"]
[WhiteElo "2674"]
[WhiteTitle "GM"]
[WhiteCountry "NED"]
[WhiteFideId "1000268"]
[WhiteEloChange "-1"]
[BlackElo "2636"]
[BlackTitle "GM"]
[BlackCountry "GRE"]
[BlackFideId "4201345"]
[BlackEloChange "1"]

1. d4 {[%clk 1:30:42]} Nf6 {[%clk 1:20:51]} 2. c4 {[%clk 1:31:07]} e6 {[%clk
1:21:14]} 3. Nf3 {[%clk 1:31:33]} Bb4+ {[%clk 1:21:19]} 4. Nbd2 {[%clk 1:30:50]}
d6 {[%clk 1:21:04]} 5. e3 {[%clk 1:24:28]} O-O {[%clk 1:20:59]} 6. a3 {[%clk
1:24:03]} Bxd2+ {[%clk 1:21:19]} 7. Qxd2 {[%clk 1:24:29]} Nbd7 {[%clk 1:21:03]}
8. b4 {[%clk 1:22:56]} a5 {[%clk 1:19:11]} 9. b5 {[%clk 1:15:51]} b6 {[%clk
1:18:13]} 10. Be2 {[%clk 1:16:14]} Bb7 {[%clk 1:18:22]} 11. O-O {[%clk 1:16:26]}
Ne4 {[%clk 1:18:02]} 12. Qc2 {[%clk 1:14:23]} f5 {[%clk 1:18:06]} 13. Bb2 {[%clk
1:10:16]} Rf6 {[%clk 1:17:49]} 14. d5 {[%clk 0:47:39]} Rh6 {[%clk 1:16:56]} 15.
g3 {[%clk 0:45:19]} Ndc5 {[%clk 1:14:38]} 16. Rad1 {[%clk 0:41:26]} Qe7 {[%clk
1:09:48]} 17. Nd4 {[%clk 0:32:03]} Qg5 {[%clk 1:09:07]} 18. Kg2 {[%clk 0:22:24]}
Rf8 {[%clk 1:05:32]} 19. Rh1 {[%clk 0:10:08]} exd5 {[%clk 0:52:51]} 20. Nf3
{[%clk 0:06:56]} Qh5 {[%clk 0:50:03]} 21. cxd5 {[%clk 0:05:32]} Qh3+ {[%clk
0:49:09]} 22. Kg1 {[%clk 0:06:00]} Rg6 {[%clk 0:46:20]} 23. Bf1 {[%clk 0:05:50]}
Qh5 {[%clk 0:46:43]} 24. Be2 {[%clk 0:04:07]} Qh3 {[%clk 0:44:33]} 25. Bf1 {[%clk
0:04:31]} Qh6 {[%clk 0:43:30]} 26. Bg2 {[%clk 0:04:06]} Qh5 {[%clk 0:42:55]} 27.
Nh4 {[%clk 0:02:39]} Rg5 {[%clk 0:41:48]} 28. Nf3 {[%clk 0:02:07]} Rg6 {[%clk
0:41:19]} 29. Nh4 {[%clk 0:02:36]} Rg5 {[%clk 0:39:17]} 30. Nf3 {[%clk 0:02:30]}
Rg6 {[%clk 0:39:42]} 1/2-1/2

[Event "Greek Team Championship"]
[Site "chess24.com"]
[Date "2017.07.06"]
[Round "5"]
[White "Sethuraman, S.P."]
[Black "Halkias, Stelios"]
[Result "1-0"]
[Board "2"]
[WhiteElo "2625"]
[WhiteTitle "GM"]
[WhiteCountry "IND"]
[WhiteFideId "5021596"]
[WhiteEloChange "4"]
[BlackElo "2580"]
[BlackTitle "GM"]
[BlackCountry "GRE"]
[BlackFideId "4201809"]
[BlackEloChange "-4"]

1. Nf3 {[%clk 1:30:37]} Nf6 {[%clk 1:29:08]} 2. g3 {[%clk 1:31:01]} d5 {[%clk
1:28:20]} 3. Bg2 {[%clk 1:31:26]} c6 {[%clk 1:28:34]} 4. O-O {[%clk 1:31:38]} Bg4
{[%clk 1:27:25]} 5. h3 {[%clk 1:31:52]} Bxf3 {[%clk 1:25:49]} 6. Bxf3 {[%clk
1:31:13]} g6 {[%clk 1:25:00]} 7. c4 {[%clk 1:27:32]} e6 {[%clk 1:15:25]} 8. cxd5
{[%clk 1:04:28]} cxd5 {[%clk 1:05:32]} 9. Qb3 {[%clk 1:04:49]} Qd7 {[%clk
1:03:56]} 10. d4 {[%clk 1:05:10]} Nc6 {[%clk 1:03:07]} 11. Rd1 {[%clk 1:05:35]}
Bg7 {[%clk 1:02:14]} 12. Nc3 {[%clk 1:06:00]} O-O {[%clk 1:01:31]} 13. Bg2 {[%clk
1:06:00]} Rfc8 {[%clk 0:56:48]} 14. e3 {[%clk 1:06:00]} Ne8 {[%clk 0:40:29]} 15.
Bd2 {[%clk 1:05:28]} Nd6 {[%clk 0:35:34]} 16. Be1 {[%clk 1:03:58]} Rab8 {[%clk
0:28:08]} 17. Rac1 {[%clk 0:58:08]} b5 {[%clk 0:17:15]} 18. Ne2 {[%clk 0:46:13]}
a5 {[%clk 0:13:50]} 19. Qd3 {[%clk 0:41:07]} Nc4 {[%clk 0:11:23]} 20. Qb1 {[%clk
0:41:23]} Bf8 {[%clk 0:09:14]} 21. Nf4 {[%clk 0:28:52]} Nb4 {[%clk 0:05:25]} 22.
b3 {[%clk 0:19:43]} Nd6 {[%clk 0:04:25]} 23. Bf1 {[%clk 0:17:40]} Ne4 {[%clk
0:04:14]} 24. Bg2 {[%clk 0:15:34]} Nd6 {[%clk 0:03:47]} 25. Bf1 {[%clk 0:13:22]}
Ne4 {[%clk 0:04:05]} 26. Qb2 {[%clk 0:13:43]} Bd6 {[%clk 0:02:22]} 27. f3 {[%clk
0:08:51]} Nf6 {[%clk 0:02:03]} 28. Kg2 {[%clk 0:08:13]} h5 {[%clk 0:01:06]} 29.
Nd3 {[%clk 0:07:09]} Nxd3 {[%clk 0:00:42]} 30. Bxd3 {[%clk 0:07:34]} a4 {[%clk
0:00:40]} 31. Qe2 {[%clk 0:07:29]} axb3 {[%clk 0:00:39]} 32. axb3 {[%clk
0:07:18]} b4 {[%clk 0:00:43]} 33. Ra1 {[%clk 0:04:44]} Qe7 {[%clk 0:00:58]} 34.
Ra6 {[%clk 0:04:13]} Ra8 {[%clk 0:00:48]} 35. Rda1 {[%clk 0:02:59]} Rxa6 {[%clk
0:01:15]} 36. Bxa6 {[%clk 0:03:05]} Rc7 {[%clk 0:01:21]} 37. Bd3 {[%clk 0:02:58]}
Kg7 {[%clk 0:00:54]} 38. Ra4 {[%clk 0:02:14]} Nd7 {[%clk 0:00:40]} 39. Bd2 {[%clk
0:01:31]} Qg5 {[%clk 0:00:36]} 40. Qe1 {[%clk 0:31:15]} Qe7 {[%clk 0:30:36]} 41.
Bxb4 {[%clk 0:30:04]} Rb7 {[%clk 0:24:51]} 42. Bxd6 {[%clk 0:28:18]} Qxd6 {[%clk
0:25:17]} 43. b4 {[%clk 0:26:48]} Nb6 {[%clk 0:23:12]} 44. Ra6 {[%clk 0:25:46]}
Qb8 {[%clk 0:19:40]} 45. Ra2 {[%clk 0:16:32]} Nc8 {[%clk 0:05:18]} 46. Rb2 {[%clk
0:16:28]} Ra7 {[%clk 0:05:28]} 47. b5 {[%clk 0:04:00]} Nb6 {[%clk 0:04:27]} 48.
Qe2 {[%clk 0:03:19]} Qa8 {[%clk 0:03:32]} 49. e4 {[%clk 0:03:29]} Ra3 {[%clk
0:02:15]} 50. Rc2 {[%clk 0:03:20]} Qd8 {[%clk 0:01:34]} 51. Rc6 {[%clk 0:02:43]}
dxe4 {[%clk 0:01:08]} 52. Qxe4 {[%clk 0:02:53]} Nd5 {[%clk 0:01:23]} 53. Qe5+
{[%clk 0:02:15]} Nf6 {[%clk 0:00:38]} 54. Bc4 {[%clk 0:01:41]} Qa5 {[%clk
0:00:31]} 55. Qe2 {[%clk 0:00:55]} Qd8 {[%clk 0:00:32]} 56. Qb2 {[%clk 0:01:02]}
Ra8 {[%clk 0:00:32]} 57. b6 {[%clk 0:01:07]} Nd5 {[%clk 0:00:36]} 58. b7 {[%clk
0:01:05]} Rb8 {[%clk 0:00:40]} 59. Bxd5 {[%clk 0:01:08]} Qxd5 {[%clk 0:01:04]}
60. Rc7 {[%clk 0:01:12]} g5 {[%clk 0:00:48]} 61. Kf2 {[%clk 0:00:57]} h4 {[%clk
0:00:42]} 62. gxh4 {[%clk 0:00:56]} gxh4 {[%clk 0:01:09]} 63. Qb4 {[%clk
0:00:57]} Qg5 {[%clk 0:01:03]} 64. Rc8 {[%clk 0:00:55]} Rxb7 {[%clk 0:00:35]} 65.
Qf8+ {[%clk 0:00:35]} Kg6 {[%clk 0:00:42]} 66. Qg8+ {[%clk 0:01:00]} Kh5 {[%clk
0:00:50]} 67. Qh8+ {[%clk 0:00:54]} Qh6 {[%clk 0:00:51]} 68. Qe5+ {[%clk
0:01:14]} f5 {[%clk 0:00:47]} 69. Rh8 {[%clk 0:01:37]} Rh7 {[%clk 0:00:37]} 70.
Rxh7 {[%clk 0:02:03]} Qxh7 {[%clk 0:01:07]} 71. Qxe6 {[%clk 0:02:19]} Kg5 {[%clk
0:01:10]} 72. f4+ {[%clk 0:02:11]} Kh5 {[%clk 0:01:14]} 73. Ke3 {[%clk 0:01:46]}
Qb7 {[%clk 0:00:40]} 74. Qxf5+ {[%clk 0:02:10]} Kh6 {[%clk 0:01:09]} 75. Qg5+
{[%clk 0:02:33]} Kh7 {[%clk 0:01:33]} 76. Qxh4+ {[%clk 0:02:59]} Kg6 {[%clk
0:01:58]} 77. Qg5+ {[%clk 0:03:21]} Kf7 {[%clk 0:02:24]} 78. Qf5+ {[%clk
0:03:26]} Kg7 {[%clk 0:02:35]} 79. Qe5+ {[%clk 0:02:40]} Kg8 {[%clk 0:02:46]} 80.
d5 {[%clk 0:02:31]} Qb3+ {[%clk 0:03:11]} 81. Kf2 {[%clk 0:02:17]} Qc2+ {[%clk
0:03:02]} 82. Kg3 {[%clk 0:02:28]} Qd3+ {[%clk 0:03:15]} 83. Kh4 {[%clk 0:02:48]}
Qf3 {[%clk 0:03:29]} 84. Qg5+ {[%clk 0:02:38]} Kf8 {[%clk 0:03:53]} 85. d6 {[%clk
0:02:09]} Qf2+ {[%clk 0:03:37]} 86. Kh5 {[%clk 0:01:37]} Qe2+ {[%clk 0:03:52]}
87. Kg6 {[%clk 0:01:13]} Qe8+ {[%clk 0:03:53]} 88. Kf5 {[%clk 0:01:03]} Qb5+
{[%clk 0:03:12]} 89. Kf6 {[%clk 0:01:09]} Qb7 {[%clk 0:02:01]} 90. Qh6+ {[%clk
0:01:24]} Kg8 {[%clk 0:02:30]} 91. Qg6+ {[%clk 0:01:40]} Kf8 {[%clk 0:02:58]} 92.
Qf5 {[%clk 0:01:18]} 1-0

[Event "Greek Team Championship"]
[Site "chess24.com"]
[Date "2017.07.06"]
[Round "5"]
[White "Kapnisis, Spyridon"]
[Black "Saric, Ivan"]
[Result "0-1"]
[Board "3"]
[WhiteElo "2466"]
[WhiteTitle "GM"]
[WhiteCountry "GRE"]
[WhiteFideId "4203445"]
[WhiteEloChange "-3"]
[BlackElo "2616"]
[BlackTitle "GM"]
[BlackCountry "CRO"]
[BlackFideId "14508150"]
[BlackEloChange "3"]

1. c4 {[%clk 1:30:52]} c6 {[%clk 1:30:47]} 2. Nf3 {[%clk 1:27:13]} d5 {[%clk
1:31:13]} 3. d4 {[%clk 1:27:31]} Nf6 {[%clk 1:31:37]} 4. cxd5 {[%clk 1:27:45]}
cxd5 {[%clk 1:32:01]} 5. Nc3 {[%clk 1:28:12]} Nc6 {[%clk 1:32:24]} 6. Bf4 {[%clk
1:28:35]} Nh5 {[%clk 1:28:37]} 7. Bd2 {[%clk 1:25:17]} Nf6 {[%clk 1:28:27]} 8.
Bf4 {[%clk 1:25:36]} Ne4 {[%clk 1:27:13]} 9. e3 {[%clk 1:24:57]} Nxc3 {[%clk
1:27:31]} 10. bxc3 {[%clk 1:25:23]} e6 {[%clk 1:27:57]} 11. Bd3 {[%clk 1:23:24]}
Bd6 {[%clk 1:28:23]} 12. Bxd6 {[%clk 1:19:08]} Qxd6 {[%clk 1:28:48]} 13. O-O
{[%clk 1:19:32]} O-O {[%clk 1:28:42]} 14. e4 {[%clk 1:14:13]} dxe4 {[%clk
1:27:34]} 15. Bxe4 {[%clk 1:11:22]} h6 {[%clk 1:24:28]} 16. Re1 {[%clk 0:59:12]}
Bd7 {[%clk 1:23:08]} 17. Bc2 {[%clk 0:50:19]} Rac8 {[%clk 1:10:47]} 18. Qd3
{[%clk 0:49:19]} g6 {[%clk 1:10:43]} 19. h4 {[%clk 0:43:04]} e5 {[%clk 1:07:11]}
20. Qe3 {[%clk 0:36:04]} exd4 {[%clk 1:07:28]} 21. Qxh6 {[%clk 0:34:42]} Qf6
{[%clk 1:07:54]} 22. h5 {[%clk 0:24:03]} Qg7 {[%clk 1:06:47]} 23. Qd2 {[%clk
0:14:19]} gxh5 {[%clk 1:04:32]} 24. cxd4 {[%clk 0:14:21]} Bg4 {[%clk 1:01:59]}
25. Be4 {[%clk 0:06:08]} Rfd8 {[%clk 0:56:49]} 26. Bxc6 {[%clk 0:04:54]} Rxc6
{[%clk 0:53:00]} 27. Ne5 {[%clk 0:05:15]} Rcd6 {[%clk 0:52:21]} 28. Qb2 {[%clk
0:02:58]} Be6 {[%clk 0:50:50]} 29. Nf3 {[%clk 0:01:00]} Bd5 {[%clk 0:50:43]} 30.
Re3 {[%clk 0:01:27]} Rg6 {[%clk 0:48:23]} 31. g3 {[%clk 0:01:38]} Qf6 {[%clk
0:45:15]} 32. Ne5 {[%clk 0:01:16]} Qh4 {[%clk 0:43:56]} 33. Kf1 {[%clk 0:01:20]}
Qh3+ {[%clk 0:43:52]} 34. Ke2 {[%clk 0:01:45]} Rf6 {[%clk 0:42:50]} 35. Rf1
{[%clk 0:00:50]} Qf5 {[%clk 0:39:40]} 36. g4 {[%clk 0:00:52]} hxg4 {[%clk
0:40:01]} 37. Ke1 {[%clk 0:00:40]} Rb6 {[%clk 0:39:39]} 0-1